Library of the University of Algiers 3
Ibrahim Sultan Cheibout
شعار جامعة الجزائر 3
مكتبة جامعة الجزائر 3
إبراهيم سلطان شيبوط

التعليم والقروض الأجنبية / (رقم التسجيلة. 42733)

تفاصيل مارك
000 -LEADER
fixed length control field 01389nam a2200229Ia 4500
003 - CONTROL NUMBER IDENTIFIER
control field Ost
005 - DATE AND TIME OF LATEST TRANSACTION
control field 20260507075055.0
008 - FIXED-LENGTH DATA ELEMENTS--GENERAL INFORMATION
fixed length control field 260507s9999||||xx |||||||||||||| ||und||
020 ## - INTERNATIONAL STANDARD BOOK NUMBER
International Standard Book Number 6329327977
040 ## - CATALOGING SOURCE
Transcribing agency fsecg
041 ## - LANGUAGE CODE
Language code of text/sound track or separate title ara
082 ## - DEWEY DECIMAL CLASSIFICATION NUMBER
Classification number 379.62
100 ## - MAIN ENTRY--PERSONAL NAME
Personal name المتبولي، صلاح الدين
Relator term مؤلف
245 #0 - TITLE STATEMENT
Title التعليم والقروض الأجنبية /
Statement of responsibility, etc. صلاح الدين المتبولي
260 ## - PUBLICATION, DISTRIBUTION, ETC.
Place of publication, distribution, etc. الإسكندرية:
Name of publisher, distributor, etc. دار الوفاء,
Date of publication, distribution, etc. 2003
300 ## - PHYSICAL DESCRIPTION
Extent 319 صفحة؛
Other physical details إيضاحات ؛
Dimensions 24 سم
490 ## - SERIES STATEMENT
Series statement قضايا تربوية
504 ## - BIBLIOGRAPHY, ETC. NOTE
Bibliography, etc. note بيبليوغرافيا ص.289 ؛الملاحق ص.299 ملخص البحث ص.307
520 ## - SUMMARY, ETC.
Summary, etc. مشكلة تالبحث وأهمية دراستها،مصادر التمويل الأجنبي للتعليم المصري،المعونة الأمريكية لقطاع التعليم المصري،نماذج للقروض والمعونات الأجنبية الموجهة إلى قطاع التعليم المصري على المستوى الثنائي والمتعدد الأطراف متمثلا في قروض(البنك الدولي وبنك التنمية الأفريقي وبعض الهيئات التابعة للأمم المتحدة،الدراسة الميدانية(إجراءاتها-نتائجها-تحليلها)
653 ## - INDEX TERM--UNCONTROLLED
Uncontrolled term التعليم-مصر
942 ## - ADDED ENTRY ELEMENTS (KOHA)
Koha item type كتب
المقتنيات
Withdrawn status Lost status Source of classification or shelving scheme Damaged status Not for loan Home library Current library Date acquired Serial enumeration / chronology Inventory number Total checkouts Full call number Barcode Date last seen Price effective from Koha item type
    Dewey Decimal Classification   NOT LOAN / إعارة داخلية مكتبة كلية العلوم الإقتصادية والعلوم التجارية وعلوم التسيير مكتبة كلية العلوم الإقتصادية والعلوم التجارية وعلوم التسيير 07/05/2026 الطابق الأرضي 1077/1   أ/1077ن1 1077/1 07/05/2026 07/05/2026 كتب
    Dewey Decimal Classification   Available مكتبة كلية العلوم الإقتصادية والعلوم التجارية وعلوم التسيير مكتبة كلية العلوم الإقتصادية والعلوم التجارية وعلوم التسيير 07/05/2026 الطابق الأرضي 1077/2   أ/1077ن2 1077/2 07/05/2026 07/05/2026 كتب
    Dewey Decimal Classification   Available مكتبة كلية العلوم الإقتصادية والعلوم التجارية وعلوم التسيير مكتبة كلية العلوم الإقتصادية والعلوم التجارية وعلوم التسيير 07/05/2026 الطابق الثاني 1077/3   أ/1077ن3 1077/3 07/05/2026 07/05/2026 كتب

موارد الويب المفتوحة


© University of Algiers 3 All Rights Reserved
|
Implemented by LECHELAH Riad